000
00216nam a2200097Ia 4500
005
20251222114351.0
008
251222s1900||||xx |||||||||||||| ||spa||
082
_a
DVD0070/Y37/2004
245
0
_a
Eleni:Eleni
942
_c
DVD
999
_c
1241
_d
1241